[Event "45th FIDE Chess Olympiad Open"]
[Site "Budapest, Hungary"]
[Date "2024.09.20"]
[Round "9"]
[White "Mertens, Marc"]
[Black "Rodgaard, John"]
[Result "1/2-1/2"]
[Board "139"]
[WhiteFideId "4000501"]
[BlackFideId "7200013"]
[BlackTitle "IM"]
[WhiteElo "2120"]
[BlackElo "2273"]
[WhiteTeam "Luxembourg"]
[BlackTeam "Faroe Islands"]
[WhiteClock "0:02:25"]
[BlackClock "0:01:53"]
[Variant "Standard"]

1. e4 {[%clk 1:30:57]}  e6 {[%clk 1:30:23]} 2. d4 {[%clk 1:31:21]}  d5 {[%clk 1:30:46]} 3. Nd2 {[%clk 1:31:41]}  c5 {[%clk 1:30:30]} 4. Ngf3 {[%clk 1:31:38]}  cxd4 {[%clk 1:30:23]} 5. Nxd4 {[%clk 1:31:25]}  Nc6 {[%clk 1:29:59]} 6. Bb5 {[%clk 1:31:01]}  Bd7 {[%clk 1:29:09]} 7. Nxc6 {[%clk 1:30:05]}  Bxc6 {[%clk 1:24:45]} 8. Bxc6+ {[%clk 1:29:11]}  bxc6 {[%clk 1:25:12]} 9. c4 {[%clk 1:28:49]}  Nf6 {[%clk 1:01:39]} 10. Qa4 {[%clk 1:24:46]}  Qd7 {[%clk 0:58:41]} 11. e5 {[%clk 0:54:52]}  Ng8 {[%clk 0:58:40]} 12. O-O {[%clk 0:55:16]}  Ne7 {[%clk 0:55:29]} 13. Rd1 {[%clk 0:44:03]}  Nc8 {[%clk 0:43:26]} 14. Qc2 {[%clk 0:33:58]}  Be7 {[%clk 0:41:22]} 15. Nf3 {[%clk 0:33:02]}  Qb7 {[%clk 0:38:42]} 16. Be3 {[%clk 0:31:36]}  Nb6 {[%clk 0:36:09]} 17. Bxb6 {[%clk 0:21:53]}  axb6 {[%clk 0:28:33]} 18. a3 {[%clk 0:14:33]}  O-O {[%clk 0:25:49]} 19. Rd3 {[%clk 0:14:20]}  dxc4 {[%clk 0:17:24]} 20. Qxc4 {[%clk 0:14:37]}  Rfd8 {[%clk 0:17:35]} 21. Rad1 {[%clk 0:14:40]}  Rd5 {[%clk 0:17:34]} 22. Qg4 {[%clk 0:07:42]}  Rad8 {[%clk 0:14:55]} 23. Rxd5 {[%clk 0:07:31]}  Rxd5 {[%clk 0:12:48]} 24. Rxd5 {[%clk 0:06:16]}  cxd5 {[%clk 0:12:06]} 25. Qd4 {[%clk 0:05:12]}  Qc6 {[%clk 0:11:48]} 26. Kf1 {[%clk 0:03:44]}  f6 {[%clk 0:11:36]} 27. Ke2 {[%clk 0:02:46]}  Kf7 {[%clk 0:07:46]} 28. Kd1 {[%clk 0:02:34]}  Qb5 {[%clk 0:06:02]} 29. Ke1 {[%clk 0:02:38]}  f5 {[%clk 0:03:46]} 30. h4 {[%clk 0:02:49]}  h6 {[%clk 0:03:43]} 31. h5 {[%clk 0:02:45]}  Qb3 {[%clk 0:03:16]} 32. Qd2 {[%clk 0:00:53]}  Bc5 {[%clk 0:03:11]} 33. Ke2 {[%clk 0:01:10]}  Qc4+ {[%clk 0:02:15]} 34. Ke1 {[%clk 0:01:19]}  Qe4+ {[%clk 0:01:54]} 35. Kf1 {[%clk 0:01:37]}  Qb1+ {[%clk 0:02:01]} 36. Ke2 {[%clk 0:01:55]}  Qe4+ {[%clk 0:01:51]} 37. Kf1 {[%clk 0:02:25]}  Qb1+ {[%clk 0:01:53]} 1/2-1/2

[Event "45th FIDE Chess Olympiad Open"]
[Site "Budapest, Hungary"]
[Date "2024.09.20"]
[Round "9"]
[White "Apol, Luitjen Akselsson"]
[Black "Gengler, Pierre"]
[Result "1/2-1/2"]
[Board "140"]
[WhiteFideId "7202466"]
[BlackFideId "4000714"]
[WhiteElo "2219"]
[BlackElo "2097"]
[WhiteTeam "Faroe Islands"]
[BlackTeam "Luxembourg"]
[WhiteClock "0:03:20"]
[BlackClock "0:28:32"]
[Variant "Standard"]

1. d4 {[%clk 1:30:47]}  Nf6 {[%clk 1:30:50]} 2. Nf3 {[%clk 1:30:58]}  g6 {[%clk 1:31:14]} 3. c4 {[%clk 1:31:15]}  Bg7 {[%clk 1:31:40]} 4. Nc3 {[%clk 1:31:34]}  d6 {[%clk 1:32:06]} 5. Bg5 {[%clk 1:31:49]}  h6 {[%clk 1:32:19]} 6. Bh4 {[%clk 1:32:09]}  g5 {[%clk 1:32:44]} 7. Bg3 {[%clk 1:32:32]}  Nh5 {[%clk 1:33:05]} 8. e3 {[%clk 1:32:23]}  c5 {[%clk 1:33:30]} 9. d5 {[%clk 1:30:49]}  Nxg3 {[%clk 1:33:52]} 10. hxg3 {[%clk 1:29:52]}  Bxc3+ {[%clk 1:34:17]} 11. bxc3 {[%clk 1:30:13]}  Kd7 {[%clk 1:34:43]} 12. Qd3 {[%clk 1:11:09]}  Kc7 {[%clk 1:33:11]} 13. Nd2 {[%clk 1:10:45]}  g4 {[%clk 1:22:23]} 14. e4 {[%clk 1:00:47]}  Qg8 {[%clk 1:14:05]} 15. Be2 {[%clk 0:59:43]}  Nd7 {[%clk 1:13:30]} 16. Nf1 {[%clk 0:59:14]}  Ne5 {[%clk 1:12:16]} 17. Qc2 {[%clk 0:58:04]}  f5 {[%clk 1:10:03]} 18. exf5 {[%clk 0:52:59]}  Qg5 {[%clk 1:09:37]} 19. Ne3 {[%clk 0:53:08]}  Rf8 {[%clk 1:06:37]} 20. Bd3 {[%clk 0:41:18]}  Nxd3+ {[%clk 1:05:51]} 21. Qxd3 {[%clk 0:41:47]}  h5 {[%clk 1:03:55]} 22. O-O {[%clk 0:31:36]}  Bxf5 {[%clk 1:03:03]} 23. Nxf5 {[%clk 0:31:54]}  Rxf5 {[%clk 1:03:14]} 24. Rae1 {[%clk 0:31:48]}  Re8 {[%clk 0:54:20]} 25. Qb1 {[%clk 0:30:57]}  Rff8 {[%clk 0:44:27]} 26. Qb5 {[%clk 0:25:08]}  Qf5 {[%clk 0:26:16]} 27. Re6 {[%clk 0:14:00]}  h4 {[%clk 0:24:00]} 28. gxh4 {[%clk 0:14:11]}  g3 {[%clk 0:23:52]} 29. f3 {[%clk 0:13:59]}  Qc2 {[%clk 0:16:41]} 30. Rfe1 {[%clk 0:09:31]}  Kc8 {[%clk 0:15:19]} 31. Rb1 {[%clk 0:07:20]}  b6 {[%clk 0:15:21]} 32. Qb2 {[%clk 0:06:16]}  Qh7 {[%clk 0:10:37]} 33. Re4 {[%clk 0:06:33]}  e5 {[%clk 0:07:10]} 34. Qb5 {[%clk 0:04:47]}  Rd8 {[%clk 0:05:23]} 35. a4 {[%clk 0:01:41]}  Rf4 {[%clk 0:05:47]} 36. Rxf4 {[%clk 0:01:11]}  exf4 {[%clk 0:06:07]} 37. a5 {[%clk 0:01:12]}  Qxh4 {[%clk 0:05:34]} 38. Qc6+ {[%clk 0:01:01]}  Kb8 {[%clk 0:06:00]} 39. axb6 {[%clk 0:01:13]}  Qh2+ {[%clk 0:06:20]} 40. Kf1 {[%clk 0:01:43]}  Qh1+ {[%clk 0:06:23]} 41. Ke2 {[%clk 0:02:12]}  Qxg2+ {[%clk 0:06:14]} 42. Kd3 {[%clk 0:01:13]}  Qxf3+ {[%clk 0:29:38]} 43. Kc2 {[%clk 0:31:26]}  Qe4+ {[%clk 0:28:43]} 44. Kb2 {[%clk 0:28:30]}  Qxb1+ {[%clk 0:28:36]} 45. Kxb1 {[%clk 0:28:59]}  axb6 {[%clk 0:28:57]} 46. Qxb6+ {[%clk 0:29:23]}  Kc8 {[%clk 0:29:23]} 47. Qc6+ {[%clk 0:23:58]}  Kb8 {[%clk 0:29:17]} 48. Qb5+ {[%clk 0:24:20]}  Kc8 {[%clk 0:29:08]} 49. Qa6+ {[%clk 0:14:21]}  Kb8 {[%clk 0:28:32]} 50. Qb6+ {[%clk 0:03:20]} 1/2-1/2

[Event "45th FIDE Chess Olympiad Open"]
[Site "Budapest, Hungary"]
[Date "2024.09.20"]
[Round "9"]
[White "Giron, Jorge Ernesto"]
[Black "Gascon Del Nogal, Jose Rafael"]
[Result "0-1"]
[Board "141"]
[WhiteFideId "6702309"]
[BlackFideId "3902463"]
[WhiteTitle "IM"]
[BlackTitle "GM"]
[WhiteElo "2276"]
[BlackElo "2454"]
[WhiteTeam "El Salvador"]
[BlackTeam "Venezuela"]
[WhiteClock "0:04:53"]
[BlackClock "0:31:38"]
[Variant "Standard"]

1. d4 {[%clk 1:30:21]}  Nf6 {[%clk 1:21:47]} 2. c4 {[%clk 1:29:33]}  d6 {[%clk 1:22:08]} 3. Nc3 {[%clk 1:25:36]}  e5 {[%clk 1:21:30]} 4. Nf3 {[%clk 1:25:34]}  Nbd7 {[%clk 1:19:35]} 5. g3 {[%clk 1:24:44]}  g6 {[%clk 1:18:03]} 6. Bg2 {[%clk 1:25:09]}  Bg7 {[%clk 1:18:30]} 7. O-O {[%clk 1:25:30]}  O-O {[%clk 1:18:57]} 8. e4 {[%clk 1:25:49]}  exd4 {[%clk 1:14:43]} 9. Nxd4 {[%clk 1:26:13]}  Re8 {[%clk 1:15:06]} 10. h3 {[%clk 1:26:39]}  Nc5 {[%clk 1:12:43]} 11. Re1 {[%clk 1:26:57]}  c6 {[%clk 1:12:21]} 12. Bf4 {[%clk 1:24:54]}  Qb6 {[%clk 0:55:02]} 13. Nb3 {[%clk 1:22:46]}  Be6 {[%clk 0:51:27]} 14. Bxd6 {[%clk 1:09:14]}  Nfd7 {[%clk 0:51:04]} 15. Bf1 {[%clk 1:05:18]}  Rad8 {[%clk 0:49:32]} 16. Qc2 {[%clk 1:04:12]}  Nxb3 {[%clk 0:47:22]} 17. axb3 {[%clk 1:01:23]}  Ne5 {[%clk 0:46:19]} 18. Bxe5 {[%clk 1:00:23]}  Bxe5 {[%clk 0:46:42]} 19. Kg2 {[%clk 0:57:19]}  f5 {[%clk 0:36:29]} 20. Red1 {[%clk 0:40:27]}  f4 {[%clk 0:36:35]} 21. Na4 {[%clk 0:34:54]}  Qb4 {[%clk 0:34:56]} 22. Rxd8 {[%clk 0:30:24]}  Rxd8 {[%clk 0:35:24]} 23. Rd1 {[%clk 0:30:45]}  Rf8 {[%clk 0:35:52]} 24. Be2 {[%clk 0:24:19]}  h5 {[%clk 0:34:05]} 25. Rd3 {[%clk 0:13:22]}  fxg3 {[%clk 0:32:39]} 26. Bf3 {[%clk 0:05:51]}  gxf2 {[%clk 0:32:14]} 27. Qxf2 {[%clk 0:06:07]}  Qe7 {[%clk 0:31:16]} 28. Qe3 {[%clk 0:04:42]}  Qh4 {[%clk 0:31:01]} 29. Be2 {[%clk 0:04:42]}  Bxh3+ {[%clk 0:31:12]} 30. Qxh3 {[%clk 0:04:53]}  Qf2+ {[%clk 0:31:38]} 0-1

[Event "45th FIDE Chess Olympiad Open"]
[Site "Budapest, Hungary"]
[Date "2024.09.20"]
[Round "9"]
[White "Escalona Landi, Samid Eduardo"]
[Black "Arias, Daniel"]
[Result "1-0"]
[Board "142"]
[WhiteFideId "3937437"]
[BlackFideId "6700640"]
[WhiteTitle "FM"]
[BlackTitle "FM"]
[WhiteElo "2305"]
[BlackElo "2213"]
[WhiteTeam "Venezuela"]
[BlackTeam "El Salvador"]
[WhiteClock "0:47:48"]
[BlackClock "0:01:09"]
[Variant "Standard"]

1. Nf3 {[%clk 1:30:38]}  d5 {[%clk 1:29:09]} 2. g3 {[%clk 1:30:58]}  Nf6 {[%clk 1:28:19]} 3. Bg2 {[%clk 1:31:23]}  e6 {[%clk 1:28:42]} 4. O-O {[%clk 1:31:47]}  Be7 {[%clk 1:29:00]} 5. c4 {[%clk 1:32:01]}  O-O {[%clk 1:29:05]} 6. d4 {[%clk 1:32:23]}  dxc4 {[%clk 1:23:24]} 7. Qc2 {[%clk 1:32:45]}  b5 {[%clk 1:21:07]} 8. a4 {[%clk 1:33:00]}  b4 {[%clk 1:21:32]} 9. Nfd2 {[%clk 1:27:16]}  Nd5 {[%clk 1:16:10]} 10. Nxc4 {[%clk 1:27:28]}  c6 {[%clk 0:44:25]} 11. Nbd2 {[%clk 1:26:41]}  Nd7 {[%clk 0:43:58]} 12. e4 {[%clk 1:24:16]}  N5f6 {[%clk 0:42:16]} 13. b3 {[%clk 1:22:09]}  Bb7 {[%clk 0:37:24]} 14. Ne3 {[%clk 1:18:01]}  Rc8 {[%clk 0:34:22]} 15. Bb2 {[%clk 1:18:08]}  Qc7 {[%clk 0:32:37]} 16. Rac1 {[%clk 1:15:25]}  Qb8 {[%clk 0:28:14]} 17. Rfd1 {[%clk 1:10:04]}  Rfe8 {[%clk 0:24:37]} 18. a5 {[%clk 1:10:01]}  Bf8 {[%clk 0:17:41]} 19. Ndc4 {[%clk 1:05:30]}  Qa8 {[%clk 0:10:28]} 20. Rd2 {[%clk 1:03:51]}  Nb8 {[%clk 0:03:58]} 21. f4 {[%clk 1:00:18]}  c5 {[%clk 0:01:32]} 22. d5 {[%clk 1:00:42]}  exd5 {[%clk 0:02:01]} 23. exd5 {[%clk 1:00:20]}  Nbd7 {[%clk 0:01:52]} 24. g4 {[%clk 0:59:43]}  Qb8 {[%clk 0:01:36]} 25. Rf2 {[%clk 0:53:01]}  Bd6 {[%clk 0:01:15]} 26. Nxd6 {[%clk 0:53:03]}  Qxd6 {[%clk 0:01:38]} 27. Nf5 {[%clk 0:52:11]}  Qb8 {[%clk 0:01:44]} 28. Qd3 {[%clk 0:49:42]}  g6 {[%clk 0:00:51]} 29. Nh6+ {[%clk 0:47:56]}  Kf8 {[%clk 0:01:03]} 30. g5 {[%clk 0:47:37]}  Nh5 {[%clk 0:01:00]} 31. f5 {[%clk 0:47:48]}  Nf4 {[%clk 0:01:09]} 32. fxg6 {[%clk 0:47:48]} 1-0

[Event "45th FIDE Chess Olympiad Open"]
[Site "Budapest, Hungary"]
[Date "2024.09.20"]
[Round "9"]
[White "Morales Carlos"]
[Black "Castro Torres, Jose Luis"]
[Result "0-1"]
[Board "143"]
[WhiteFideId "6706754"]
[BlackFideId "3901831"]
[WhiteTitle "FM"]
[BlackTitle "FM"]
[WhiteElo "2131"]
[BlackElo "2299"]
[WhiteTeam "El Salvador"]
[BlackTeam "Venezuela"]
[WhiteClock "0:03:38"]
[BlackClock "0:07:03"]
[Variant "Standard"]

1. e4 {[%clk 1:30:24]}  c5 {[%clk 1:30:49]} 2. Nf3 {[%clk 1:30:39]}  Nc6 {[%clk 1:31:17]} 3. d4 {[%clk 1:30:44]}  cxd4 {[%clk 1:31:19]} 4. Nxd4 {[%clk 1:30:14]}  e5 {[%clk 1:16:59]} 5. Nb5 {[%clk 1:29:34]}  d6 {[%clk 1:16:34]} 6. N1c3 {[%clk 1:28:31]}  a6 {[%clk 1:16:43]} 7. Na3 {[%clk 1:28:56]}  b5 {[%clk 1:16:53]} 8. Nd5 {[%clk 1:29:08]}  Nge7 {[%clk 1:06:41]} 9. c4 {[%clk 1:25:40]}  Nd4 {[%clk 0:53:37]} 10. cxb5 {[%clk 1:14:30]}  Nxd5 {[%clk 0:53:28]} 11. exd5 {[%clk 1:14:55]}  Be7 {[%clk 0:53:42]} 12. bxa6 {[%clk 1:12:26]}  O-O {[%clk 0:53:43]} 13. Bc4 {[%clk 1:11:50]}  Bxa6 {[%clk 0:52:59]} 14. O-O {[%clk 1:11:14]}  Qb6 {[%clk 0:34:23]} 15. Bxa6 {[%clk 0:52:58]}  Qxa6 {[%clk 0:34:26]} 16. Re1 {[%clk 0:40:06]}  Rfb8 {[%clk 0:25:41]} 17. Nc2 {[%clk 0:35:10]}  Bf6 {[%clk 0:26:10]} 18. b3 {[%clk 0:22:58]}  Qa5 {[%clk 0:22:30]} 19. Nxd4 {[%clk 0:23:10]}  exd4 {[%clk 0:22:54]} 20. Bb2 {[%clk 0:23:06]}  Qxd5 {[%clk 0:21:55]} 21. Qd3 {[%clk 0:22:31]}  h5 {[%clk 0:20:46]} 22. Red1 {[%clk 0:21:18]}  g6 {[%clk 0:15:14]} 23. Rd2 {[%clk 0:17:46]}  Re8 {[%clk 0:11:17]} 24. Qf3 {[%clk 0:13:46]}  Rxa2 {[%clk 0:11:29]} 25. Rad1 {[%clk 0:08:47]}  Qe6 {[%clk 0:09:10]} 26. g3 {[%clk 0:08:46]}  Bg5 {[%clk 0:07:59]} 27. Rc2 {[%clk 0:09:09]}  h4 {[%clk 0:06:42]} 28. gxh4 {[%clk 0:07:14]}  Bxh4 {[%clk 0:05:52]} 29. Rxd4 {[%clk 0:05:44]}  Bf6 {[%clk 0:06:20]} 30. Rdd2 {[%clk 0:03:00]}  Bxb2 {[%clk 0:06:49]} 31. Re2 {[%clk 0:03:09]}  Ra1+ {[%clk 0:07:15]} 32. Kg2 {[%clk 0:03:38]}  Be5 {[%clk 0:07:03]} 0-1

[Event "45th FIDE Chess Olympiad Open"]
[Site "Budapest, Hungary"]
[Date "2024.09.20"]
[Round "9"]
[White "Jaramillo Lopez, Ali Aaron"]
[Black "Guevara Ruiz, Marvin Andres"]
[Result "1-0"]
[Board "144"]
[WhiteFideId "3943275"]
[BlackFideId "6708889"]
[WhiteTitle "FM"]
[WhiteElo "2258"]
[BlackElo "2003"]
[WhiteTeam "Venezuela"]
[BlackTeam "El Salvador"]
[WhiteClock "0:42:51"]
[BlackClock "0:11:45"]
[Variant "Standard"]

1. c4 {[%clk 1:30:01]}  e6 {[%clk 1:30:53]} 2. g3 {[%clk 1:30:23]}  d5 {[%clk 1:31:13]} 3. Bg2 {[%clk 1:30:47]}  Nf6 {[%clk 1:31:11]} 4. Nf3 {[%clk 1:31:15]}  c5 {[%clk 1:31:13]} 5. cxd5 {[%clk 1:31:35]}  exd5 {[%clk 1:31:34]} 6. d4 {[%clk 1:31:55]}  Nc6 {[%clk 1:31:50]} 7. O-O {[%clk 1:32:21]}  Be7 {[%clk 1:32:02]} 8. b3 {[%clk 1:32:39]}  O-O {[%clk 1:30:51]} 9. Bb2 {[%clk 1:33:00]}  Bg4 {[%clk 1:25:32]} 10. dxc5 {[%clk 1:32:42]}  Bxf3 {[%clk 1:25:10]} 11. Bxf3 {[%clk 1:32:57]}  Bxc5 {[%clk 1:24:01]} 12. Nc3 {[%clk 1:31:57]}  Qe7 {[%clk 1:18:39]} 13. Nxd5 {[%clk 1:21:53]}  Nxd5 {[%clk 1:18:39]} 14. Bxd5 {[%clk 1:15:07]}  Rfd8 {[%clk 1:01:16]} 15. e4 {[%clk 1:14:04]}  Nb4 {[%clk 1:00:39]} 16. Qg4 {[%clk 1:07:52]}  g6 {[%clk 0:53:15]} 17. Qf3 {[%clk 1:06:53]}  Nxd5 {[%clk 0:45:49]} 18. exd5 {[%clk 1:07:14]}  Qd6 {[%clk 0:45:35]} 19. Rad1 {[%clk 0:50:39]}  Rac8 {[%clk 0:45:05]} 20. Rfe1 {[%clk 0:47:34]}  a5 {[%clk 0:36:10]} 21. h4 {[%clk 0:44:45]}  Bb4 {[%clk 0:27:35]} 22. Re2 {[%clk 0:44:42]}  Re8 {[%clk 0:27:42]} 23. h5 {[%clk 0:43:37]}  Rxe2 {[%clk 0:25:53]} 24. Qxe2 {[%clk 0:43:57]}  Bc3 {[%clk 0:20:15]} 25. Rc1 {[%clk 0:42:34]}  Qf6 {[%clk 0:13:52]} 26. Qe3 {[%clk 0:42:33]}  Bxb2 {[%clk 0:11:45]} 27. Rxc8+ {[%clk 0:42:51]} 1-0

[Event "45th FIDE Chess Olympiad Open"]
[Site "Budapest, Hungary"]
[Date "2024.09.20"]
[Round "9"]
[White "Ben Ammar, Mohamed"]
[Black "Neiksans, Arturs"]
[Result "0-1"]
[Board "145"]
[WhiteFideId "5502012"]
[BlackFideId "11601388"]
[WhiteTitle "CM"]
[BlackTitle "GM"]
[WhiteElo "2143"]
[BlackElo "2571"]
[WhiteTeam "Tunisia"]
[BlackTeam "Latvia"]
[WhiteClock "0:06:29"]
[BlackClock "0:04:17"]
[Variant "Standard"]

1. d4 {[%clk 1:30:57]}  f5 {[%clk 1:30:55]} 2. e4 {[%clk 1:29:39]}  fxe4 {[%clk 1:31:18]} 3. Nc3 {[%clk 1:30:02]}  Nf6 {[%clk 1:31:43]} 4. f3 {[%clk 1:30:00]}  d5 {[%clk 1:31:37]} 5. fxe4 {[%clk 1:30:21]}  dxe4 {[%clk 1:31:51]} 6. Bg5 {[%clk 1:30:31]}  Bf5 {[%clk 1:31:00]} 7. Nge2 {[%clk 1:30:37]}  e6 {[%clk 1:27:31]} 8. Ng3 {[%clk 1:30:42]}  Be7 {[%clk 1:17:40]} 9. Bb5+ {[%clk 1:27:33]}  c6 {[%clk 0:57:03]} 10. Bc4 {[%clk 1:25:35]}  Nbd7 {[%clk 0:56:55]} 11. O-O {[%clk 1:19:37]}  Nb6 {[%clk 0:56:32]} 12. Bb3 {[%clk 1:17:32]}  Qd7 {[%clk 0:54:24]} 13. Bxf6 {[%clk 1:13:18]}  Bxf6 {[%clk 0:53:34]} 14. Ncxe4 {[%clk 1:12:39]}  Qxd4+ {[%clk 0:44:42]} 15. Qxd4 {[%clk 1:11:00]}  Bxd4+ {[%clk 0:45:07]} 16. Kh1 {[%clk 1:11:24]}  Bxb2 {[%clk 0:30:37]} 17. Nd6+ {[%clk 1:06:58]}  Kd7 {[%clk 0:30:11]} 18. Rad1 {[%clk 1:02:46]}  Kc7 {[%clk 0:29:53]} 19. Ngxf5 {[%clk 1:01:42]}  exf5 {[%clk 0:30:14]} 20. Rxf5 {[%clk 1:01:51]}  Rhf8 {[%clk 0:27:01]} 21. Rxf8 {[%clk 1:01:23]}  Rxf8 {[%clk 0:27:25]} 22. Nc4 {[%clk 1:01:43]}  Nxc4 {[%clk 0:25:52]} 23. Bxc4 {[%clk 1:02:08]}  b5 {[%clk 0:26:13]} 24. Bd3 {[%clk 1:02:27]}  h6 {[%clk 0:26:10]} 25. g4 {[%clk 0:52:15]}  Kb6 {[%clk 0:18:42]} 26. Bf5 {[%clk 0:49:50]}  Kc5 {[%clk 0:17:26]} 27. Kg2 {[%clk 0:46:29]}  Re8 {[%clk 0:17:11]} 28. Kf3 {[%clk 0:46:25]}  Bd4 {[%clk 0:17:16]} 29. Rd3 {[%clk 0:46:32]}  Re1 {[%clk 0:15:56]} 30. h4 {[%clk 0:45:31]}  a5 {[%clk 0:14:47]} 31. h5 {[%clk 0:44:22]}  a4 {[%clk 0:12:35]} 32. Bh7 {[%clk 0:43:42]}  Ra1 {[%clk 0:11:53]} 33. Bg8 {[%clk 0:42:52]}  Bf6 {[%clk 0:12:07]} 34. Re3 {[%clk 0:31:47]}  Rc1 {[%clk 0:10:55]} 35. Re2 {[%clk 0:31:28]}  Kb4 {[%clk 0:11:13]} 36. c4 {[%clk 0:28:11]}  bxc4 {[%clk 0:10:21]} 37. Re4 {[%clk 0:18:19]}  c5 {[%clk 0:10:09]} 38. Re2 {[%clk 0:15:49]}  c3 {[%clk 0:09:28]} 39. Bh7 {[%clk 0:15:02]}  c4 {[%clk 0:07:38]} 40. Rc2 {[%clk 0:14:50]}  Ra1 {[%clk 0:07:26]} 41. Bg8 {[%clk 0:15:07]}  Bg5 {[%clk 0:06:06]} 42. Ke4 {[%clk 0:14:19]}  Rc1 {[%clk 0:03:49]} 43. Re2 {[%clk 0:07:06]}  c2 {[%clk 0:03:51]} 44. Bh7 {[%clk 0:06:55]}  Kc3 {[%clk 0:04:15]} 45. Ke5 {[%clk 0:06:29]}  Bd2 {[%clk 0:04:17]} 0-1

[Event "45th FIDE Chess Olympiad Open"]
[Site "Budapest, Hungary"]
[Date "2024.09.20"]
[Round "9"]
[White "Meshkovs, Nikita"]
[Black "Meftahi, Houssem"]
[Result "1-0"]
[Board "146"]
[WhiteFideId "11602740"]
[BlackFideId "5501660"]
[WhiteTitle "GM"]
[BlackTitle "IM"]
[WhiteElo "2534"]
[BlackElo "2112"]
[WhiteTeam "Latvia"]
[BlackTeam "Tunisia"]
[WhiteClock "0:47:15"]
[BlackClock "0:05:31"]
[Variant "Standard"]

1. Nf3 {[%clk 1:30:53]}  d5 {[%clk 1:30:56]} 2. d4 {[%clk 1:31:05]}  e6 {[%clk 1:31:05]} 3. c4 {[%clk 1:30:26]}  c6 {[%clk 1:31:29]} 4. e3 {[%clk 1:30:23]}  Nf6 {[%clk 1:31:23]} 5. Nc3 {[%clk 1:30:42]}  Nbd7 {[%clk 1:31:47]} 6. Qc2 {[%clk 1:30:56]}  Bd6 {[%clk 1:31:34]} 7. g4 {[%clk 1:30:45]}  g6 {[%clk 1:14:35]} 8. g5 {[%clk 1:28:55]}  Nh5 {[%clk 1:12:00]} 9. e4 {[%clk 1:27:31]}  e5 {[%clk 1:06:25]} 10. exd5 {[%clk 1:26:34]}  O-O {[%clk 1:01:23]} 11. Be3 {[%clk 1:14:15]}  exd4 {[%clk 0:58:17]} 12. Nxd4 {[%clk 1:14:22]}  c5 {[%clk 0:50:25]} 13. Nf3 {[%clk 1:13:09]}  Ne5 {[%clk 0:45:49]} 14. Nxe5 {[%clk 1:09:00]}  Bxe5 {[%clk 0:41:20]} 15. O-O-O {[%clk 1:08:44]}  Qa5 {[%clk 0:38:17]} 16. a3 {[%clk 1:06:44]}  Ng7 {[%clk 0:31:27]} 17. Ne4 {[%clk 1:03:53]}  Bf5 {[%clk 0:23:46]} 18. Bd3 {[%clk 0:59:31]}  b5 {[%clk 0:21:35]} 19. f4 {[%clk 0:57:19]}  bxc4 {[%clk 0:20:09]} 20. Qxc4 {[%clk 0:57:39]}  Bxe4 {[%clk 0:15:25]} 21. Bxe4 {[%clk 0:57:21]}  Bd6 {[%clk 0:15:32]} 22. Rhf1 {[%clk 0:54:11]}  Rab8 {[%clk 0:15:44]} 23. Bd2 {[%clk 0:54:17]}  Qc7 {[%clk 0:15:42]} 24. Bc2 {[%clk 0:53:56]}  Nh5 {[%clk 0:15:35]} 25. Rf3 {[%clk 0:51:20]}  Rb7 {[%clk 0:15:21]} 26. Rdf1 {[%clk 0:51:40]}  Rfb8 {[%clk 0:13:17]} 27. Bc3 {[%clk 0:52:04]}  Bf8 {[%clk 0:13:31]} 28. d6 {[%clk 0:47:59]}  Qxd6 {[%clk 0:06:04]} 29. f5 {[%clk 0:48:20]}  Bg7 {[%clk 0:06:29]} 30. fxg6 {[%clk 0:47:46]}  hxg6 {[%clk 0:06:28]} 31. Rxf7 {[%clk 0:47:20]}  Kh8 {[%clk 0:06:51]} 32. Bxg7+ {[%clk 0:47:03]}  Nxg7 {[%clk 0:07:19]} 33. Qc3 {[%clk 0:47:01]}  Qd4 {[%clk 0:05:31]} 34. Rf8+ {[%clk 0:47:15]} 1-0